000 00755cam a22002411 4500
001 sa 68020690
003 DLC
005 20260227112726.0
008 770419s1965 ii b 000 0 eng
010 _asa 68020690
025 _aPL 480:I-E-7319
040 _aDLC
_cICU
_dDLC
043 _aa-ii---
050 0 0 _aZ5075.I4
_bI47 1965
_aS471.I3
110 2 _aIndian Agricultural Research Institute.
245 1 0 _aBibliography of IARI publications, 1905 to 1963;
_bscientific contributions from IARI.
260 _aNew Delhi
_c[1965]
300 _a204 p.
_c28 cm.
350 _aunpriced
650 0 _aAgriculture
_zIndia
_xBibliography.
610 2 0 _aIndian Agricultural Research Institute, Delhi
_xBibliography.
650 0 _aAgriculture
_xBibliography.
999 _c89560
_d89560